| Tag |
First Indicator |
Second Indicator |
Subfields |
| LEADER |
00000cam a2200000 a 4500 |
| 001 |
in00003385991 |
| 005 |
20151206085918.0 |
| 008 |
130122s2013 nyua c 000 1 eng |
| 010 |
|
|
|a 2012026747
|
| 016 |
7 |
|
|a 016175998
|2 Uk
|
| 019 |
|
|
|a 795757880
|a 815765636
|a 825943921
|
| 020 |
|
|
|a 9780061996634 (hbk.)
|
| 020 |
|
|
|a 0061996637 (hbk.)
|
| 020 |
|
|
|a 9780061996641 (lib. bdg.)
|
| 020 |
|
|
|a 0061996645 (lib. bdg.)
|
| 020 |
|
|
|a 9780062246370 (international ed.)
|
| 020 |
|
|
|a 0062246372 (international ed.)
|
| 020 |
|
|
|a 9780062267191 (Scholastic ed.)
|
| 020 |
|
|
|a 0062267191 (Scholastic ed.)
|
| 029 |
1 |
|
|a NZ1
|b 14748419
|
| 029 |
1 |
|
|a UNITY
|b 127974032
|
| 029 |
1 |
|
|a UKKCC
|b 0007478275
|
| 029 |
1 |
|
|a UKBFB
|b 0007478275
|
| 029 |
1 |
|
|a UKMKC
|b 0007478275
|
| 029 |
1 |
|
|a UKSTS
|b 0007478275
|
| 029 |
1 |
|
|a HAF
|b 0007478275
|
| 029 |
1 |
|
|a NZ1
|b 14716529
|
| 029 |
1 |
|
|a W4S
|b 0007478275
|
| 029 |
1 |
|
|a UKSBC
|b 0007478275
|
| 029 |
1 |
|
|a UKWBK
|b 0007478275
|
| 029 |
1 |
|
|a UKTWL
|b 0007478275
|
| 029 |
1 |
|
|a WARCC
|b 0007478275
|
| 029 |
1 |
|
|a UKMBC
|b 0007478275
|
| 029 |
1 |
|
|a UKBRK
|b 0007478275
|
| 029 |
1 |
|
|a UKLBE
|b 0007478275
|
| 029 |
1 |
|
|a UKLBR
|b 0007478275
|
| 029 |
1 |
|
|a LBRUT
|b 0007478275
|
| 029 |
1 |
|
|a UKWSX
|b 0007478275
|
| 029 |
1 |
|
|a UKWFT
|b 0007478275
|
| 029 |
1 |
|
|a UKBNT
|b 0007478275
|
| 029 |
1 |
|
|a UKLCL
|b 0007478275
|
| 029 |
1 |
|
|a UKGUL
|b 0007478275
|
| 029 |
1 |
|
|a OXFCL
|b 0007478275
|
| 029 |
1 |
|
|a UKPOL
|b 0007478275
|
| 029 |
1 |
|
|a UKSLR
|b 0007478275
|
| 029 |
1 |
|
|a UKNFK
|b 0007478275
|
| 029 |
1 |
|
|a UKNYK
|b 0007478275
|
| 029 |
1 |
|
|a UKERY
|b 0007478275
|
| 029 |
1 |
|
|a UKBOR
|b 127974032
|
| 029 |
1 |
|
|a COVCL
|b 0007478275
|
| 029 |
1 |
|
|a UKBED
|b 0007478275
|
| 029 |
1 |
|
|a UKBCC
|b 0007478275
|
| 029 |
1 |
|
|a UKHCC
|b 0007478275
|
| 029 |
1 |
|
|a UKLBS
|b 0007478275
|
| 029 |
1 |
|
|a UKESR
|b 0007478275
|
| 029 |
1 |
|
|a UKSUS
|b 0007478275
|
| 029 |
1 |
|
|a UKNWH
|b 0007478275
|
| 029 |
1 |
|
|a UKHAV
|b 0007478275
|
| 029 |
1 |
|
|a LGL
|b 0007478275
|
| 029 |
1 |
|
|a UKLMB
|b 0007478275
|
| 029 |
1 |
|
|a UKBUR
|b 0007478275
|
| 029 |
1 |
|
|a UKWIR
|b 0007478275
|
| 029 |
1 |
|
|a UKDAR
|b 0007478275
|
| 029 |
1 |
|
|a UKDLI
|b 0007478275
|
| 029 |
1 |
|
|a UKLLS
|b 0007478275
|
| 029 |
1 |
|
|a ESSEX
|b 0007478275
|
| 035 |
|
|
|a (OCoLC)ocn825049097
|
| 035 |
|
|
|a (OCoLC)825049097
|
| 040 |
|
|
|a DLC
|b eng
|c DLC
|d IG#
|d OCLCO
|d IH9
|d VP@
|d TOH
|d BTCTA
|d YDXCP
|d BDX
|d UKMGB
|d FLWMD
|d OCP
|d XYZ
|d OCLCO
|d ZGH
|d UtOrBLW
|
| 049 |
|
|
|a TXAM
|
| 050 |
0 |
0 |
|a PZ7.P361
|b Bg 2013
|
| 082 |
0 |
0 |
|a [Fic]
|2 23
|
| 100 |
1 |
|
|a Peirce, Lincoln.
|
| 245 |
1 |
0 |
|a Big Nate flips out /
|c Lincoln Peirce.
|
| 250 |
|
|
|a 1st ed.
|
| 264 |
|
1 |
|a New York :
|b Harper,
|c [2013]
|
| 264 |
|
4 |
|c ©2013
|
| 300 |
|
|
|a 216 pages :
|b illustrations ;
|c 22 cm.
|
| 336 |
|
|
|a text
|b txt
|2 rdacontent
|
| 337 |
|
|
|a unmediated
|b n
|2 rdamedia
|
| 338 |
|
|
|a volume
|b nc
|2 rdacarrier
|
| 520 |
|
|
|a "In this latest misadventure, Nate, the all-time record-holder for detentions, gets to see how the other half lives as he follows his best friend Francis's example and becomes a total neat freak; has Nate totally flipped out?"--
|c Provided by publisher.
|
| 650 |
|
0 |
|a Conduct of life
|v Juvenile fiction.
|
| 650 |
|
0 |
|a Orderliness
|v Juvenile fiction.
|
| 650 |
|
0 |
|a Friendship
|v Juvenile fiction.
|
| 650 |
|
0 |
|a Middle schools
|v Juvenile fiction.
|
| 650 |
|
0 |
|a Schools
|v Juvenile fiction.
|
| 650 |
|
0 |
|a Humorous stories.
|
| 650 |
|
1 |
|a Behavior
|v Fiction.
|
| 650 |
|
1 |
|a Orderliness
|v Fiction.
|
| 650 |
|
1 |
|a Friendship
|v Fiction.
|
| 650 |
|
1 |
|a Middle schools
|v Fiction.
|
| 650 |
|
1 |
|a Schools
|v Fiction.
|
| 650 |
|
1 |
|a Humorous stories.
|
| 938 |
|
|
|a Ingram
|b INGR
|n 9780061996634
|
| 938 |
|
|
|a Baker and Taylor
|b BTCP
|n BK0011486001
|
| 938 |
|
|
|a YBP Library Services
|b YANK
|n 8789015
|
| 938 |
|
|
|a Brodart
|b BROD
|n 103053069
|
| 947 |
|
|
|a A14839897106
|
| 945 |
|
|
|a PromptCat
|b 532161
|
| 946 |
|
|
|a curr
|
| 994 |
|
|
|a 92
|b TXA
|
| 948 |
|
|
|a Cataloged
|b h
|c 2013/11/13
|d c
|e EGrant
|
| 999 |
|
|
|a MARS
|
| 999 |
f |
f |
|s d232a9c3-3364-3bde-b766-9fd5630ab00e
|i 2b652278-58ac-3e2b-97be-cbc79bedf33b
|t 0
|
| 952 |
f |
f |
|p normal
|a Texas A&M University
|b College Station
|c Sterling C. Evans Library
|d Evans: Curriculum Collection (4th floor)
|t 0
|e PZ7.P361 Bg 2013
|h Library of Congress classification
|i unmediated -- volume
|m A14839897106
|
| 998 |
f |
f |
|a PZ7.P361 Bg 2013
|t 0
|l Evans: Curriculum Collection (4th floor)
|